00562nam a2200169 a 4500008004100000050001700041100002000058245008200078260004000160300000900200350000900209490004600218650005100264650001100315650005100326710001500377080923s2007 ||||||||||||||||| || u aIBRD(08)PRWP aShalizi, Zmarak10aEnergy and emissions: local and global effects of the rise of China and India aWashington, D.C.:bWorld Bankc2007 a52p. a0.00 aWorld Bank policy research working papers aFORCE AND ENERGY--CHINA--ENVIRONMENTAL ASPECTS aENERGY aFORCE AND ENERGY--INDIA--ENVIRONMENTAL ASPECTS aWorld Bank